[Event "Akureyri"]
[Site "Akureyri"]
[Date "1994.??.??"]
[Round "?"]
[White "De Firmian, Nick E"]
[Black "Thorhallsson, Throstur"]
[Result "1-0"]
[WhiteElo "2580"]
[BlackElo "2470"]
[Annotator "Donev,I"]
[PlyCount "76"]
[EventDate "1994.02.??"]
[EventType "tourn"]
[EventRounds "11"]
[EventCountry "ISL"]
[EventCategory "10"]
[SourceTitle "CBM 040"]
[Source "ChessBase"]
[SourceDate "1994.06.01"]
[SourceVersion "1"]
[SourceVersionDate "1994.06.01"]
[SourceQuality "1"]

1. e4 d5 2. exd5 Nf6 3. d4 Nxd5 4. Nf3 g6 5. c4 Nb6 6. c5 Nd5 7. Nc3 Bg7 8. Bc4
Nxc3 (8... c6 $142) 9. bxc3 O-O 10. O-O Nc6 (10... Nd7 $5 {/\Nf6}) 11. Re1 Bg4
12. Bg5 $14 (12. h3 $2 Bxf3 13. Qxf3 Nxd4 $1 14. cxd4 Qxd4 15. Rb1 Qxc4 $15)
12... h6 (12... Qd7 13. h3 Bxf3 14. Qxf3 a6 (14... Rad8 15. Rab1 b6 $2 (15...
Qc8 16. Bxe7 $18) 16. Bb5 $18) 15. Rab1 Rab8 16. Bd5 $14 {/\Rb7!}) 13. Bh4 g5
14. Bg3 b6 15. h3 Bh5 16. Be2 (16. Qa4 Bxf3 17. gxf3 Na5 $10) 16... e6 (16...
bxc5 17. Qa4 Nb8 18. Rad1 $1 $44) 17. Qa4 Ne7 18. Ne5 Bxe2 19. Rxe2 Nd5 $6 (
19... bxc5 $5 20. Nd7 $6 (20. dxc5 $142) 20... Nd5 21. Rc1 (21. Nxf8 Nxc3 22.
Qc2 Nxe2+ 23. Qxe2 Kxf8 $17) 21... Nb6 22. Nxb6 axb6 $17) 20. Qc4 Re8 21. Rb1
Bf8 22. c6 $1 Nf6 23. Qd3 Nh5 24. Qf3 Nf6 25. Qd3 Bg7 26. Rf1 Nd5 27. f4 f5 28.
fxg5 hxg5 29. Nd7 $1 {/\Be5} Nf6 30. Nxf6+ Bxf6 31. Be5 (31. Qc4 Qd5 32. Qxd5
exd5 33. Rxe8+ Rxe8 34. Rxf5 Re6 35. Rxd5 $16) 31... Bxe5 32. Rxe5 $16 Qf6 (
32... Qd6 33. Qe3 $1 f4 $2 (33... g4 34. Rfxf5 exf5 35. Rxe8+ Rxe8 36. Qxe8+
Kg7 37. Qd7+ $1 $18) (33... Qd8 34. Rxe6 $16) 34. Rxg5+ Kh8 35. Rxf4 $18) 33.
Qc4 {/\Rf1-f5!} Kg7 34. Rfe1 Rad8 35. Rxe6 Rxe6 36. Rxe6 Qf8 (36... Qf7 37. Qe2
{/\Re7} Kf8 38. Qe5 $1 Kg8 39. Rh6 $1 $18) 37. Qe2 $18 Rd6 38. Qe5+ Kh7 (38...
Kh7 39. Rxd6 (39. Re7+ Kg6 40. Rxc7 $18) 39... cxd6 40. Qe6 $18 {/\Pc7}) 1-0

[Event "Biel Credis op"]
[Site "Biel"]
[Date "1995.??.??"]
[Round "7"]
[White "Donev, Ivo Hristov"]
[Black "Bacrot, Etienne"]
[Result "1/2-1/2"]
[WhiteElo "2385"]
[BlackElo "2395"]
[Annotator "Donev,I"]
[PlyCount "80"]
[EventDate "1995.??.??"]
[EventType "swiss"]
[EventRounds "12"]
[EventCountry "SUI"]
[SourceTitle "CBM 048 Extra"]
[Source "ChessBase"]
[SourceDate "1995.11.01"]
[SourceVersion "1"]
[SourceVersionDate "1995.11.01"]
[SourceQuality "1"]

1. e4 d5 2. exd5 Qxd5 3. Nc3 Qa5 4. d4 c6 5. Nf3 Bf5 6. Bc4 e6 7. Bd2 Nf6 8.
Nd5 Qd8 9. Nxf6+ Qxf6 10. c3 Nd7 11. Qb3 Nb6 12. O-O-O Bd6 13. Be2 (13. Bg5 Qg6
14. h4 Nxc4) 13... O-O 14. Bg5 Qg6 15. h4 Bg4 16. h5 (16. Ne5 Bxe5 17. Bxg4 Bf6
(17... Bf4+ 18. Bxf4 Qxg4 19. Be3 Nd5) 18. f4) (16. c4 c5 17. h5 Qe4 18. Bd3
Qc6 19. d5 exd5 20. cxd5 Qc7 21. Rhe1) 16... Qe4 {[#]} 17. Bd3 (17. Rh4 $1 Bf4+
18. Bxf4 Qxf4+ 19. Rd2 $14) 17... Bf4+ 18. Kb1 Bxf3 19. Bxe4 Bxe4+ 20. Ka1 Bxg5
21. c4 (21. f3 Bd5 22. Qc2 Rac8) 21... h6 22. f3 Bh7 23. a4 Rab8 24. g3 Rfd8
25. Rh2 Rd7 26. a5 Nc8 27. d5 exd5 28. cxd5 Ne7 29. dxc6 Rxd1+ 30. Qxd1 Nxc6
31. Re2 Bf5 32. Qd5 Be6 {[#]} (32... Bh3 33. a6 Nb4 34. Qb5 Nxa6 35. Re8+ Rxe8
36. Qxe8+ Kh7 37. Qe4+ $16) (32... g6 33. hxg6 (33. g4 Rd8) 33... Bxg6 34. Qd7
Rd8 35. Qxb7) 33. Rxe6 fxe6 34. Qxe6+ Kf8 35. a6 Bf6 36. axb7 $138 (36. Qd6+
Be7 (36... Kg8 $1 37. Kb1 Rd8 38. Qe6+ $140 {ab7}) 37. Qc7 Bd8 38. Qd7) (36.
Kb1 $1) 36... Rxb7 37. Qxc6 Rxb2 38. Qc8+ Ke7 39. Qc7+ Ke6 40. Qc6+ Ke7 1/2-1/2

[Event "Odorheiu Secuiesc zt"]
[Site "Odorheiu Secuiesc"]
[Date "1995.??.??"]
[Round "9"]
[White "Georgiev, Kiril"]
[Black "Babula, Vlastimil"]
[Result "1/2-1/2"]
[WhiteElo "2625"]
[BlackElo "2530"]
[Annotator "Donev,I"]
[PlyCount "58"]
[EventDate "1995.03.??"]
[EventType "swiss"]
[EventRounds "9"]
[EventCountry "ROU"]
[SourceTitle "CBM 047"]
[Source "ChessBase"]
[SourceDate "1995.08.01"]
[SourceVersion "1"]
[SourceVersionDate "1995.08.01"]
[SourceQuality "1"]

1. e4 d5 2. exd5 Qxd5 3. Nc3 Qa5 4. d4 c6 5. Bc4 Nf6 6. Bd2 Bf5 7. Nd5 Qd8 8.
Nxf6+ gxf6 (8... exf6 9. c3 Bd6 10. Qe2+ $14 {/\0-0-0}) 9. c3 e6 10. Ne2 Nd7 (
10... Qb6 11. Ng3 Bg6 12. Qb3 $14 {/\0-0-0}) 11. O-O (11. Ng3 $142 $1 Bg6 12.
Qf3 Qa5 13. O-O-O $14) 11... h5 (11... Bd6 12. Bf4 Bxf4 13. Nxf4 Qc7 14. Qf3
O-O-O $13) 12. Nf4 (12. Ng3 Bg6 13. Re1 Qc7 14. Ne4 $10) 12... Nb6 (12... h4
13. Re1 Qc7 14. Bd3 Bxd3 15. Nxd3 $10) 13. Bb3 (13. Be2 h4 14. Bg4 Bxg4 15.
Qxg4 Qc7 (15... Nc4 16. Nxe6 Qd7 17. Nc7+ Qxc7 18. Qe2+ $14) 16. Nh5 $14) 13...
Bd6 (13... Bg4 14. Qe1 Qc7 15. f3 Bf5 16. Qh4 $14) 14. Nxh5 Qc7 15. g3 (15. h3
$142 $5 O-O-O 16. Nxf6 $16) 15... O-O-O 16. Nxf6 Rh3 $1 17. f4 $6 (17. Kg2 $5
Rdh8 18. Rh1 Qd8 19. Ng4 $16) 17... Rdh8 18. Rf2 Qd8 19. g4 (19. Ng4 $2 Qg8 20.
Ne3 (20. Nf6 Qg6 $17) 20... Qxg3+ $1 21. Rg2 (21. hxg3 $4 Rh1+ 22. Kg2 Be4+ 23.
Rf3 R8h2#) 21... Qxf4 22. Nc4 Qxh2+ 23. Rxh2 Bxh2+ 24. Kf1 Bd3+ $19) 19... Qxf6
20. gxf5 Qxf5 $15 (20... Rg8+ 21. Rg2 Rxg2+ 22. Kxg2 Qh4 23. Qg1 Rd3 $40) 21.
Qe2 Nd7 (21... Nd5 $5 $15) 22. Raf1 Nf6 23. Rg2 R8h4 24. Be1 (24. Rf3 $5) 24...
Rxf4 25. Rxf4 Bxf4 26. Bc2 Qd5 27. Bb3 Qf5 (27... Be3+ 28. Bf2 Qe4 29. Bc2 Qf4
$13) 28. Bc2 Qd5 29. Bb3 Qf5 1/2-1/2

[Event "FRA-chT Top 12"]
[Site "Haguenau"]
[Date "2013.06.04"]
[Round "6.5"]
[White "Edouard, Romain"]
[Black "Sanchez, Joseph"]
[Result "1/2-1/2"]
[WhiteElo "2659"]
[BlackElo "2533"]
[Annotator "Edouard,R"]
[PlyCount "91"]
[EventDate "2013.05.30"]
[EventType "team-tourn"]
[EventRounds "11"]
[EventCountry "FRA"]
[SourceTitle "CBM 155"]
[Source "ChessBase"]
[SourceDate "2013.07.16"]
[SourceVersion "1"]
[SourceVersionDate "2013.07.16"]
[SourceQuality "1"]
[WhiteTeam "Chalonnais Echiquier"]
[BlackTeam "Grasse Echecs"]
[WhiteTeamCountry "FRA"]
[BlackTeamCountry "FRA"]

1. e4 d5 2. exd5 Qxd5 3. Nc3 Qa5 4. d4 c6 5. Bc4 Nf6 6. Bd2 Bf5 7. Nd5 Qd8 8.
Nxf6+ gxf6 9. Ne2 $5 {An interesting way to take advantage of not playing Nf3
earlier. This makes quite a difference compared to the main line.} e6 10. c3
Bd6 11. Bf4 Bg6 12. O-O Qc7 13. Bxd6 Qxd6 14. Qd2 Nd7 15. b4 Rg8 (15... O-O-O
16. Bb3 {followed by c4, a4, is easier to play for White.}) 16. Bb3 h5 17. c4
h4 18. c5 Qc7 19. a4 (19. Qh6 $5) 19... O-O-O 20. Qe3 f5 $6 {Actually Black
should have kept the option b5 Nxc5! (followed by ...Rd3). But already the
position was more pleasant for White.} 21. b5 Nf6 22. h3 Nh5 23. b6 $1 axb6 24.
cxb6 Qd6 (24... Qxb6 25. a5 {would give White tremendous compensation.}) 25.
Rfd1 $4 (25. a5 f4 26. Qc3 $18 {would just win. Not only is it one extra tempo,
but also the rook is better placed on f1. Actually my first idea was to go Qf3,
and there the move Rfd1 would make sense, and after I went Rfd1 I noticed my
queen would be much better going to c3, even after losing such an important
tempo.} ({Actually even} 26. Qf3 Nf6 27. Qxf4 Qxf4 28. Nxf4 Rxd4 29. Nxe6 $1 {
is better for White.})) 25... f4 26. Qc3 Be4 27. f3 Ng3 28. Nxg3 Rxg3 29. Kh2
Rdg8 $6 (29... Qf8 {would be a better move.}) 30. Rg1 $6 $138 (30. Rd2 $1 {
would be stronger, but with my rook on g1 I simply avoid all kind of tactics
with a future ...Rxh3+.}) 30... R8g5 $2 (30... Bd5 31. Bxd5 Qxd5 32. a5 $40) (
30... Kd7 $5) (30... Rd8 $5) 31. a5 Qf8 $6 32. Qd2 $4 {I thought I just take
on f4 and win and did not calculate anything else. A second unforgivable
mistake in the same game!} (32. a6 Qg7 (32... bxa6 33. Qc4 $18) 33. fxe4 {
and White of course wins.}) 32... Qg7 33. Qxf4 (33. Qf2 Bd3 $132) (33. fxe4 $4
f3 $19) 33... Rxg2+ 34. Rxg2 Rxg2+ 35. Kh1 Qg3 {Oops, something I had
forgotten.} 36. Bxe6+ fxe6 37. Qxg3 (37. Qf8+ Kd7 38. Qf7+ Kd6 $1 39. Qc7+ Kd5
40. fxe4+ Kc4 41. Qxg3 Rxg3 42. a6 Rxh3+ 43. Kg2 Rg3+ 44. Kh2 bxa6 $11) 37...
Rxg3 38. fxe4 Rxh3+ 39. Kg2 Rd3 40. Rh1 Rxd4 41. Rxh4 Ra4 42. Rh7 Rxa5 43. Rc7+
Kb8 44. Re7 Kc8 45. Rc7+ Kb8 46. Re7 1/2-1/2

[Event "Politiken Cup 35th"]
[Site "Helsingor"]
[Date "2013.07.30"]
[Round "5"]
[White "Edouard, Romain"]
[Black "Danielsen, Henrik"]
[Result "1-0"]
[WhiteElo "2662"]
[BlackElo "2510"]
[Annotator "Edouard,R"]
[PlyCount "61"]
[EventDate "2013.07.27"]
[EventType "swiss"]
[EventRounds "10"]
[EventCountry "DEN"]
[SourceTitle "CBM 156"]
[Source "ChessBase"]
[SourceDate "2013.09.17"]
[SourceVersion "1"]
[SourceVersionDate "2013.09.17"]
[SourceQuality "1"]

1. e4 d5 2. exd5 Qxd5 3. Nc3 Qd6 4. d4 Nf6 5. Nf3 c6 {One of the latest trends
since some problems have been found in the main line.} 6. h3 $5 Bf5 (6... g6 {
and}) (6... Nbd7 {have also been tried lately.}) 7. Ne5 $5 (7. Bd3 {and}) (7.
Bc4 {are the main moves.}) 7... Nbd7 8. Nc4 Qc7 9. Qf3 {Suddenly all White's
pieces are very well coordinated and the pawn on h3 appears to be useful.} Be6
(9... e6 10. Bf4 Qd8 11. O-O-O {is difficult for Black.}) 10. Bf4 Qd8 11. O-O-O
Nb6 $2 (11... g6 {is a much better move. White has several plans but is just
slightly better.}) 12. Nxb6 $1 {The simplest.} ({I was trying to make move} 12.
d5 {work but in several lines I couldn't get a concrete conclusion.}) 12...
Qxb6 (12... axb6 $2 13. d5 $1 $18) 13. Be5 O-O-O $6 {Definitely a bad place
for the black king.} (13... Nd7 14. Bh2 Nf6 {is probably best, trying to play .
..g6 next.}) (13... g6 14. d5 $1 $16) 14. a3 Qa5 15. Bh2 $5 Qg5+ $6 {The queen
temporarily avoids Qg3/f4 but is very misplaced for many reasons.} (15... g6 {
was a better defence.}) 16. Kb1 g6 17. g4 (17. Be5 $1 {[%cal Gf1a6] followed
by Ba6 wins instantly according to the engine.}) 17... h5 18. Qg3 Rd6 19. d5 $1
Bxd5 $2 (19... h4 {looked to me like the only move but after} 20. Qg1 $1 (20.
Qe5 $4 Qxe5 21. Bxe5 Bxd5 22. Nxd5 Rxd5 23. Rxd5 cxd5 24. g5 $6 Rh5 $1 $132)
20... Nxd5 (20... Bxd5 21. f4 $18) 21. Ne4 {White is winning anyway.}) 20. f4
$6 (20. h4 {wins instantly due to the Bh3 idea. I didn't even think of it, and
it seems like my opponent didn't either.}) 20... Qh6 21. g5 Qh7 22. gxf6 $1
Bxh1 23. f5 $1 {Now Black is just getting mated.} h4 (23... Bd5 24. Nxd5 cxd5
25. Rxd5 $18) 24. Qe5 exf6 25. Qe8+ Kc7 26. Rxd6 Bxd6 27. Qe7+ Kb8 28. Bxd6+
Ka8 29. Ba6 $1 bxa6 (29... c5 30. Ne4 $18 (30. Nb5 $18)) 30. Bc5 Qg8 31. Qxa7#
1-0

[Event "Neckar op-A 16th"]
[Site "Deizisau"]
[Date "2012.04.08"]
[Round "6"]
[White "Edouard, Romain"]
[Black "Milanovic, Danilo"]
[Result "1/2-1/2"]
[WhiteElo "2607"]
[BlackElo "2520"]
[Annotator "Edouard,R"]
[PlyCount "66"]
[EventDate "2012.04.05"]
[EventType "swiss"]
[EventRounds "9"]
[EventCountry "GER"]
[SourceTitle "CBM 147 Extra"]
[Source "ChessBase"]
[SourceDate "2012.04.24"]
[SourceVersion "1"]
[SourceVersionDate "2012.04.24"]
[SourceQuality "1"]
[WhiteClock "0:16:24"]
[BlackClock "0:39:00"]

1. e4 d5 2. exd5 Qxd5 3. Nc3 Qd6 4. d4 Nf6 5. Nf3 Bg4 $5 {An interesting
side-line, deviating from the usual moves ...a6 or ...c6.} 6. h3 (6. Be2 {
is also possible, but it shouldn't be such a big deal for Black}) 6... Bh5 7.
g4 Bg6 8. Ne5 Nbd7 {The idea of playing that move order: Black prevents White
from playing a move like f4/h4 or Qf3 in too good conditions.} 9. Nb5 {After
quite a long time I remembered that I had analysed this move a little bit in
the past. However, it seems this is clearly not the best try to refute the
line!} (9. Nxg6 $5 hxg6 10. Qf3 (10. Bg2 {followed by 0-0 is more quiet but
also possible.}) 10... c6 11. Be3 {followed by 0-0-0 might be a stronger
option, like in the game Ivanchuk-Kovalenko 2012, though White actually lost.})
(9. Bf4 $5 {is met by} Nxe5 10. dxe5 (10. Bxe5 $5 Qb6 11. Qf3 e6 {was not
clear in Macieja-Heberla 2006.}) 10... Qb4 11. Bd2 Ne4 12. Bg2 (12. Nd5 Qxd2+
13. Qxd2 Nxd2 14. Nxc7+ Kd8 15. Nxa8 Be4 {should be more than fine for Black.})
12... Nxd2 13. Qxd2 Rd8 {was better for Black in the game Khalifman-Kovalenko,
2012.}) 9... Qb6 10. Nc4 Qc6 $5 {Probably the best move. At first I had simply
missed it during the game.} ({I only remembered that} 10... Qe6+ 11. Qe2 {
was rather pleasant for White.}) 11. d5 $8 $146 (11. Rg1 $6 e6 {is very good
for Black.}) 11... Nxd5 12. Qxd5 Qxd5 13. Nxc7+ Kd8 14. Nxd5 Be4 15. Rh2 $6 {
A nonsense move meant to be class!} (15. Rg1 Bxd5 16. Bf4 Rc8 $1 ({I had
thought about} 16... e6 {with the idea of facing 0-0-0 by ...Bc5 (attacking
the pawn on f2, which was the idea of Rh2), but after} 17. Nd6 Ke7 18. O-O-O {
White is simply better.}) 17. Ne3 Bf3 18. Rg3 Bc6 19. O-O-O f6 {and White has
almost no advantage.}) 15... Bxd5 16. Bf4 Rc8 $1 17. Ne3 (17. b3 $6 e5 {
is very good for Black.}) 17... Bf3 18. Bg2 Bxg2 (18... e5 $2 19. Bg5+ $18) 19.
Rxg2 e5 ({After} 19... e6 20. O-O-O {White keeps some pressure, but Black
should escape without major problems...}) 20. Bh2 Bb4+ 21. Kf1 Re8 (21... Rc6 {
might be more precise, with the idea of} 22. Rd1 Rd6 23. Rxd6 Bxd6 24. Nf5 Bf8
25. f4 g6 26. Ne3 exf4 27. Bxf4 Bc5 {with a quite easy draw for Black.}) 22.
Rd1 Rc6 23. f3 Kc8 24. c3 $6 {Immediately after playing this I realised that
24.Nd5 was the only chance to get some advantage.} (24. Nd5 Bc5 25. Re2 b5 $1 {
(Black should also take some space on the queenside)} (25... Rce6 26. b4 Bf8
27. c4 $14) 26. f4 f6 {and White is slightly better but it is not easy at all
to find a real plan/way to break.}) 24... Bc5 25. Nc4 {Threatening Rxd7.} f6
26. Rgd2 Nb6 $1 {It is always better to play actively.} ({After} 26... Nf8 27.
f4 {my bishop would live again and I would have some very small chances due to
my space advantage.}) 27. Na5 (27. Nxb6+ Bxb6 28. Rd7 Rd8 $11) 27... Rc7 ({
I not only underestimated ...Rc7, but also missed that after} 27... Rce6 28. b4
Bf8 29. a3 {(with the idea of playing c4-c5) Black can play} Na4 $1 30. c4 b6 {
with no problem at all.}) 28. f4 exf4 29. Bxf4 Rce7 {Now my knight on a5 is
simply doing nothing, and I have to be precise in order to secure a draw.} 30.
Bg3 Re4 31. Re1 Rxe1+ 32. Bxe1 Re3 33. b4 Be7 (33... Be7 34. Re2 $11) 1/2-1/2

[Event "Wrexham"]
[Site "Wrexham"]
[Date "1995.??.??"]
[Round "1"]
[White "Hartman, Christer"]
[Black "Bronstein, David Ionovich"]
[Result "1-0"]
[WhiteElo "2345"]
[BlackElo "2445"]
[Annotator "Engqvist"]
[PlyCount "121"]
[EventDate "1995.10.??"]
[EventType "tourn"]
[EventRounds "9"]
[EventCountry "WLS"]
[EventCategory "7"]
[SourceTitle "CBM 051"]
[Source "ChessBase"]
[SourceDate "1996.04.01"]
[SourceVersion "1"]
[SourceVersionDate "1996.04.01"]
[SourceQuality "1"]

1. e4 d5 2. exd5 Qxd5 3. Nc3 Qd6 4. d4 Nf6 5. Nf3 a6 (5... Bg4 6. h3 Bh5 7. g4
Bg6 8. Ne5 c6 9. Bf4 Nd5 10. Qd2 Nxf4 11. Qxf4 Nd7 12. O-O-O Nxe5 13. dxe5 Qc7
14. Bd3 Bxd3 15. Rxd3 g6 16. Ne4 $32 $16 {Psahis-Sygulski, Jurmala 1987; there
isn't much black kan do about White's advantage in development.}) 6. Be2 (6.
Be3 Nc6 7. Qd2 Bg4 8. Ng5 $1 e5 9. d5 Nb4 10. f3 Bf5 11. Nge4 Qd7 12. O-O-O $16
{Karpov-Lutikov, SSSR 1979 - 28/164}) 6... e6 (6... Nc6 7. O-O Bg4 8. Be3 e6 9.
Qd2 Be7 10. Rad1 Bxf3 11. Bxf3 O-O-O 12. Qc1 Nb4 13. a3 Nbd5 14. Nxd5 exd5 15.
c4 dxc4 16. Bf4 Qb6 17. Qxc4 Rd7 18. Be5 Kb8 19. Rd3 Qb5 20. Qc2 Nd5 {1-0
Schneider,L-Å-Gurevich, Eksjö 1992} 21. Rb3 Qa5 22. Qc6 $18) 7. O-O Nbd7 8. Bg5
c5 9. Bh4 cxd4 10. Nxd4 Be7 11. Bg3 Qb6 12. Nb3 O-O 13. a4 $16 {The
pawn-structure is identic with the variation 1.e4 e6 2.d4 d5 3.Nd2 c5 4. ed5
Qd5 5.Ngf3 cd4 6.Bc4 Qd6 7.0-0 Nf6 8.Nb3 Nc6 9.Nbd4 etc. One important
difference though is that the bishop controls the important diagonal h2-b8.}
Nc5 14. a5 Qb4 $2 {Because of the strong bishop at g3 the natural move 14...
Qc7 is not available to black. It is typical of Bronstein to give his pieces
as much energy as possible!} (14... Qa7 $8) 15. Bd6 Rd8 (15... Bxd6 $2 16. Qxd6
Nfe4 17. Nxe4 Qxe4 18. Bf3 $18) 16. Bxe7 $1 $18 Rxd1 17. Rfxd1 (17. Raxd1 $1
$18 {/\ 18.Rd8+-, /\ 18.Rd4+-}) 17... Bd7 18. Bxc5 (18. Rd4 $1 Nxb3 19. Rxb4
Nxa1 20. Bxf6 gxf6 21. Bd3 Bc6 22. Kf1 $18 {>< Na1}) 18... Qh4 19. Rd4 Qg5 20.
f4 Qg6 21. Bd3 Qh5 22. Ne4 Bc6 23. Nxf6+ gxf6 24. Re1 Re8 25. Be4 Bxe4 26.
Rexe4 Rc8 27. Be7 Kg7 (27... Rxc2 28. Bxf6 $18) 28. c3 Qf5 29. h3 h5 30. Kh2 h4
31. Bb4 Rd8 32. Nc5 Rxd4 33. cxd4 (33. Rxd4 e5) 33... Qd5 34. f5 exf5 35. Rxh4
Qd6+ 36. g3 Qe7 37. Rf4 Qe2+ 38. Kg1 Kg6 $6 (38... Qxb2 39. Be1 $1 $18 (39. d5
$2 Qb1+ 40. Kg2 Qd1 41. Rxf5 Qc2+ 42. Rf2 Qc4)) 39. Bc3 Qe3+ 40. Kg2 Qe2+ 41.
Rf2 Qc4 42. Kh2 Qb5 43. Kg1 (43. Rd2 Qf1 44. d5 f4) 43... b6 44. axb6 Qxb6 45.
Nd3 a5 46. Nf4+ Kh6 47. d5 a4 48. Kg2 Qd6 49. Rd2 Kg5 50. Rd3 Kh6 51. h4 a3 52.
bxa3 Qxa3 53. Bxf6 Qa2+ 54. Kh3 (54. Kf3 $1) 54... Qb1 55. Kg2 Qc2+ 56. Kf3 Qc1
57. Bd4 Qf1+ 58. Bf2 Qh1+ 59. Ke2 Qe4+ 60. Be3 Kh7 61. d6 1-0